John Bull in his senses : being the third part of Law is a bottomless-pit. Printed from a manuscript found in the cabinet of the famous Sir Humphry Polesworth.

Bibliographic Details
Main Author: Arbuthnot, John, 1667-1735
Other Authors: Morphew, John (Printer)
Format: Book
Language:English
Published: London : Printed for John Morphew, near Stationer's Hall, 1712.
Edition:The third edition.
Subjects:

MARC

Tag First Indicator Second Indicator Subfields
LEADER 00000cam a2200000Ii 4500
001 in00004036638
005 20181024084152.0
008 180820s1712 enk 000 0 eng d
035 |a (OCoLC)on1048897799 
035 |a (OCoLC)1048897799 
040 |a TXA  |b eng  |e rda  |c TXA  |d UtOrBLW 
043 |a e-uk--- 
049 |a TXAM 
050 4 |a DA496 1712  |b A65b 
100 1 |a Arbuthnot, John,  |d 1667-1735. 
240 1 0 |a Law is a bottomless-pit.  |p Part 2 
245 1 0 |a John Bull in his senses :  |b being the third part of Law is a bottomless-pit. Printed from a manuscript found in the cabinet of the famous Sir Humphry Polesworth. 
250 |a The third edition. 
264 1 |a London :  |b Printed for John Morphew, near Stationer's Hall,  |c 1712. 
300 |a 24 pages ;  |c 19 cm (octavo) 
336 |a text  |b txt  |2 rdacontent 
337 |a unmediated  |b n  |2 rdamedia 
338 |a volume  |b nc  |2 rdacarrier 
500 |a Anonymous. By John Arbuthnot. 
500 |a Attributed also to Jonathan Swift. 
500 |a Title within double-rule border. 
500 |a This is, in fact, the second part. 
500 |a This variant has a colon after "London" in imprint; on leaf A2, "Contents" is spelled correctly. Not the same as OCLC #85101859. 
500 |a Second of five pamphlets, commonly called Law is a bottomless pit, or, The history of John Bull; a satire on the War of the Spanish Succession. 
500 |a Publisher's advertisement on page 24. 
500 |a The Cushing Library/Rare Books copy was acquired as part of the Lois Goddard Morrison Collection of Eighteenth Century Literature.  |5 TXA 
510 4 |a English short title catalogue,  |c N1035 
650 0 |a Spanish Succession, War of, 1701-1714  |v Humor  |v Early works to 1800. 
650 0 |a Political satire, English  |v Early works to 1800. 
651 0 |a Great Britain  |x Politics and government  |y 1702-1714.  |0 http://id.loc.gov/authorities/subjects/sh85056901 
651 0 |a Great Britain  |x History  |y Anne, 1702-1714  |v Pamphlets. 
700 1 |a Morphew, John,  |e printer.  |0 http://id.loc.gov/authorities/names/nr93027031 
752 |a England  |d London. 
994 |a C0  |b TXA 
999 f f |s 3fdc41eb-cfb7-31a9-8b10-842acbba72ec  |i 7501732f-6e29-36ca-92a0-e7204d5cc9d8  |t 0 
952 f f |p noncirc  |a Texas A&M University  |b College Station  |c Cushing Memorial Library & Archives  |s cush rare  |d Cushing: Rare Books (Does not check out)  |t 0  |e DA496 1712 A65b  |h Library of Congress classification  |i unmediated -- volume  |m A14852684910 
998 f f |a DA496 1712 A65b  |t 0  |l Cushing: Rare Books (Does not check out)